00844cam a22002054a 4500003000400000005001700004008004100021020001500062040001900077100002900096245015700125260004100282300002500323504005600348650003300404650007700437650005100514650003900565700003400604OSt20211116133617.0010612s2001 sp b 000 0 spa  a848155751X aDLCcCDMRbcat1 aPalomar Olmeda, Alberto.14aLos derechos de imagen en el ámbito del deporte profesional :bespecial referencia al fútbol /cAlberto Palomar Olmeda, Antonio Descalzo González. aMadrid :bEditorial Dykinson,c2001. axx, 249 p. ;c22 cm. aIncludes bibliographical references (p. [241]-249). 0aDret a la intimitatzEspanya 0aMitjans de comunicació de massa i esportzEspanyaxDret i legislació 0aPremsa esportivazEspanyaxDret i legislació 0aFutbolisteszEspanyaxDrets civils1 aDescalzo González, Antonio.